000 00404nam a22001697a 4500
005 20180727151212.0
008 160622b xxu||||| |||| 00| 0 eng d
020 _a81-317-1132-3
041 _aeng
082 _b8862
_a658.3
100 _aRobins, Judge and Sanghi
_92432
245 _aOrganizational behavior
260 _bPearson
_adelhi
300 _a791p,
650 _aManagement
_9241
942 _cBK
999 _c3459
_d3458